2500 solved problems in fluid mechanics and hydraulics / (Record no. 12970)
[ view plain ]
| 000 -LEADER | |
|---|---|
| fixed length control field | 00439cam a2200157ua 4500 |
| 003 - CONTROL NUMBER IDENTIFIER | |
| control field | OSt |
| 008 - FIXED-LENGTH DATA ELEMENTS--GENERAL INFORMATION | |
| fixed length control field | 240213b |||||||| |||| 00| 0 eng d |
| 041 ## - LANGUAGE CODE | |
| Language code of text/sound track or separate title | eng |
| 082 ## - DEWEY DECIMAL CLASSIFICATION NUMBER | |
| Classification number | 532 |
| Item number | EVE/FL |
| 100 ## - MAIN ENTRY--AUTHOR NAME | |
| Personal name | Evett, Jack B ;. |
| 245 ## - TITLE STATEMENT | |
| Title | 2500 solved problems in fluid mechanics and hydraulics / |
| 260 ## - PUBLICATION, DISTRIBUTION, ETC. (IMPRINT) | |
| Place of publication | New Delhi : |
| Name of publisher | Tata Mc-Graw Hill Publishing Company , |
| Year of publication | 2004. |
| 300 ## - PHYSICAL DESCRIPTION | |
| Number of Pages | ; . |
| 700 1# - ADDED ENTRY--PERSONAL NAME | |
| Personal name | Liu, Ching . |
| 942 ## - ADDED ENTRY ELEMENTS (KOHA) | |
| Koha item type | Books |
| Withdrawn status | Lost status | Damaged status | Home library | Current library | Date acquired | Full call number | Accession Number | Koha item type |
|---|---|---|---|---|---|---|---|---|
| KAUAET | KAUAET | 07/04/2012 | 532 EVE/FL | 21238 | Books |
